Lecturas graduadas para nuestras alumnas. Libro tercero

Gespeichert in:
Bibliographische Detailangaben
Format: keine Angabe
Sprache:Spanisch
Erschienen: 1-Barcelona,España Imprenta de Publicaciones Calasancias 1927
Katalog:MANES:  Suchergebnis im Bibliothekskatalog
Schulbuchspezifische Eigenschaften:
Schriftenreihe:Lecturas Graduadas
Tags: Tag hinzufügen
Keine Tags, Fügen Sie den ersten Tag hinzu!
Hinzugefügt zu:26.04.2016

MARC

LEADER 000000000a22000000004500
001 14212
003 OSt
008 160427s sp ||||| |||| 00| 0 spa d
041 1 |a spa 
040 |c centro_manes 
691 7 |a PRI 
245 0 0 |a Lecturas graduadas para nuestras alumnas. Libro tercero 
260 3 |a 1-Barcelona,España  |b Imprenta de Publicaciones Calasancias  |c 1927 
300 |a 336 p.  |c 19 x 14 cm. 
440 |a Lecturas Graduadas  |9 3384 
500 |a Nihil Obstat 25 de agosto de 1927. Contiene lecturas sobre religión, lenguaje, anécdotas históricas, historia natural, narraciones, lecciones de cosas,biografías, así como una serie de cartas manuscritas. 
690 0 |a EyL 
942 |2 ddc  |c BK 
999 |c 20186  |d 20186 
999 |c manes:20186  |d 20186